Sanat - "Hymyn takaa" - Heviteemu feat Eetu ja Ida Paul - Statistics

Yleistilastot
  • Tätä visaa on pelattu 22 kertaa
    19 viimeisimmän päivityksen jälkeen
  • Keskiarvotulos 162 / 184
Vastaustilastot
Vastaus % Oikein
diagnosoima
100%
ei
100%
en
100%
et
100%
haluis
100%
hymyn
100%
ja
100%
jäädä
100%
jo
100%
jonkun
100%
käärmeitä
100%
kävelevä
100%
ku
100%
kukaan
100%
löytyy
100%
100%
100%
mielessä
100%
mitä
100%
mun
100%
mut
100%
nää
100%
ne
100%
nuori
100%
on
100%
oo
100%
oon
100%
paremman
100%
ristiriita
100%
se
100%
sen
100%
siit
100%
sit
100%
sitä
100%
tahallaan
100%
tai
100%
takaa
100%
teen
100%
tiedä
100%
tieltä
100%
tuleen
100%
tyhmä
100%
väistyy
100%
välillä
100%
vanha
100%
viisas
100%
alussa
80%
helppoo
80%
hiljaa
80%
ihan
80%
keinoo
80%
kellun
80%
kokenu
80%
kovaa
80%
kun
80%
kuohuu
80%
liikaa
80%
löydy
80%
makaan
80%
mielihakukoneiden
80%
mihin
80%
niin
80%
Olo
80%
ootan
80%
Pinnalla
80%
silloin
80%
sisällä
80%
uskoa
80%
vasta
80%
aikuinen
60%
ihmisistä
60%
meistä
60%
nyt
60%
oonko
60%
opin
60%
tuu
60%
valmiita
60%
vihdoin
60%
viimein
60%
uskon
40%
aurinkoon
20%
joo
20%
jos
20%
kääntyy
20%
Kyllä
20%
mua
20%
muistuta
20%
päivä
20%
takas
20%
unohdan
20%
Ehtoja vastaavia visoja ei löytynyt
Tulosjakauma
Jokaisen tuloksen saaneiden osuus
Persentiili vastausten määrän mukaan
Tuloshistoriasi
Et ole pelannut tätä visaa sen viimeisimmän päivityksen jälkeen